Dalā'il al-nubuwwah wa-maʻrifat aḥwāl ṣāḥib al-sharīʻah /

محفوظ في:

المؤلف الرئيسي: Bayhaqī, Aḥmad ibn al-Ḥusayn, 994-1066

مؤلفون آخرون: Qalʻajī, ʻAbd al-Muʻṭī.

التنسيق: كتاب

اللغة: Arabic

منشور في: al-Qāhirah : Dar al-Rayyan, 1988.

الطبعة: al-Ṭabʻah 1.

الموضوعات:

الوسوم: إضافة وسم

لا توجد وسوم, كن أول من يضع وسما على هذه التسجيلة!

رقم الطلب: BP166.5 .B3 v.1-7

LEADER 00831nam a2200217Ia 4500
003 OSt
005 20241111093002.0
008 231106s1988 ua b 001 0bara
999 |c 54965  |d 54965 
040 |c ARCE Library 
050 4 |a BP166.5 .B3 v.1-7 
100 1 |a Bayhaqī, Aḥmad ibn al-Ḥusayn,   |d 994-1066 
245 1 0 |a Dalā'il al-nubuwwah wa-maʻrifat aḥwāl ṣāḥib al-sharīʻah /   |c li-Abī Bakr Aḥmad ibn al-Ḥusayn al-Bayhaqī ; wahthtaqa uṣūlahu wa-kharraja ḥadīthahu wa-ʻallaqa ʻalayh ʻAbd al-Muʻṭī Qalʻajī. 
250 |a al-Ṭabʻah 1. 
264 1 |a al-Qāhirah :   |b Dar al-Rayyan,   |c 1988. 
300 |a 7 v. ;   |c 25 cm. 
504 |a Includes bibliographical references and indexes. 
600 0 0 |a Muḥammad,   |d d. 632. 
700 1 |a Qalʻajī, ʻAbd al-Muʻṭī. 
901 |a reviewed 
942 |2 lcc  |c BK